00656nam a22001817a 450000500170000000800410001702000220005804100120008008200280009210000220012024500670014226000470020930000090025636500110026594200070027699900190028395201720030220240216173335.0240213b |||||||| |||| 00| 0 eng d a978-93-93885-80-7 aEnglish aMS 610.73677 CLE DB1220 aClement I9119826 aB.Sc. Nursing IV Semester: Textbook of Adult Health Nursing-II bEMMESS Medical Publishersc2023aBangalore a926p b950.00 cDB c357080d357080 00102ddc4070aBTINbBTINd2024-02-13g950.00i68l17m22oMS 610.73677 CLE DB1220pBTIN-DB-1220q2026-04-07r2026-03-31 13:13:10s2026-03-31w2024-02-13yDBzDB1220